000 01013nam a22002057a 4500
999 _c1270
_d1270
003 AR-CdUCM
008 190226b ||||| |||| 00| 0 spa d
040 _aMUNICIPALIDAD PROVINCIAL DEL CUSCO
_cBIBLIOTECA MUNICIPAL DEL CUSCO
082 _a301.09 /
_bS68
100 _aSorokin, Pitirim A.
_94926
245 _aLas filosofías sociales de nuestra época de crisis :
_bEl hombre frente a la crisis /
260 _aMadrid :
_bAguilar, S.A. de ediciones;
_c1966.
300 _a416 paginas ;
_c21 cm.
505 _aConsideraciones del hombre sobre su destino en las épocas de crisis -- Interpretaciones estéticas de la historia -- Bases de criticismo: sistemas culturales, supe- sistemas y agrupaciones -- Investigación critica de las teorías de Danilvsky, Spengler y Toynbee -- Cuestiones en que están de acuerdo las modernas filosofías de la sociedad ...
650 _aSociología
_9276
650 _aEscuelas y colegios
_94927
650 _aHistoria
_9136
942 _2ddc
_cLIBROS
945 _arum
_d2019-02-26